[Event "EU-ch 12th"]
[Site "Aix les Bains"]
[Date "2011.03.31"]
[Round "9"]
[White "Inarkiev, Ernesto"]
[Black "Hammer, Jon Ludvig"]
[Result "1-0"]
[WhiteElo "2674"]
[BlackElo "2606"]
[Annotator "Marchand,A/Primel,D"]
[PlyCount "157"]
[EventDate "2011.03.22"]
[EventType "swiss"]
[EventRounds "11"]
[EventCountry "FRA"]
[SourceTitle "CBM 142 Extra"]
[Source "ChessBase"]
[SourceDate "2011.06.27"]
[SourceVersion "1"]
[SourceVersionDate "2011.06.27"]
[SourceQuality "1"]
[TimeControl "40/5400+30:1800+30"]

1. e4 e5 2. Nf3 Nc6 3. Bb5 Nf6 4. O-O (4. d3 {La grande mode actuelle pour
éviter le mur de Berlin} Bc5 5. c3 (5. O-O) 5... O-O 6. O-O d6 7. h3 a6 8. Bxc6
bxc6 9. Re1 Re8 10. Nbd2 d5 $132) 4... Nxe4 5. d4 Nd6 {La variante du Mur de
Berlin qui donne des positions très techniques} (5... Be7 {L'alternative se
joue moins aujourd'hui} 6. Qe2 Nd6 7. Bxc6 bxc6 8. dxe5 Nb7 (8... Nf5 9. Qe4
$14)) (5... a6 $5 {La recommandation de Keres ne semble pas poser trop de
problèmes aux Noirs pour égaliser} 6. Bxc6 dxc6 7. Qe2 Bf5 $132) 6. Bxc6 dxc6
7. dxe5 Nf5 8. Qxd8+ Kxd8 9. Nc3 (9. h3 {Joué par le norvégien а la ronde 6}
Bd7 {Sutovsky,E (2692)-Hammer,J (2606) EU-ch 12th Aix-Les-Bains 2011 (6) 0-1})
9... Bd7 (9... Ne7 10. h3 Ng6 (10... h6)) (9... Ke8 {La grande ligne} 10. b3 (
10. h3) 10... a5 11. Bb2 Bb4 12. Ne4 $1 {[%csl Gb2,Gc8];Habu,Y (2342)-Marcelin,
C (2452) 2ème tournoi de maîtres NAO 2002 (3) 1-0 (Joël LAUTIER) Il est connu
que l'echange du fou de cases noires contre un cavalier blanc facilite la
defense des noirs, puisqu'ils obtiennent aussitot une finale avec fous de
couleur opposee.}) (9... h6 10. h3 Bd7) 10. Rd1 {94} (10. h3 Kc8 (10... h6 {
La grande ligne}) (10... b6 11. Rd1 (11. b3 Kc8 12. Bb2 h5 13. Rad1 Be7 14. Bc1
a5 15. Bg5 Bb4 16. Ne2 a4 (16... c5 $5 {Movsesian}) 17. c3 {Movsesian,S (2702)
-Leko,P (2720) RUS-chT 19th 2012 (7) 1-0}) 11... Kc8 12. g4 Ne7 13. Ng5 f5 14.
e6 (14. Nf7 $5 {Cabrilo inf 111} Rg8 15. Re1) 14... Be8 {Navara,D (2708)
-Hammer,J (2647) Tata Steel-B 73rd 2011 (4) 1/2}) 11. b3 b6 12. Rd1 Be7 13. Bg5
h6 14. Bxe7 Nxe7 15. Kh2 c5 {Ivanchuk,V (2739)-Hammer,J (2636) GRE-chT Div-A
38th 2010 (7) 1-0} (15... Re8 $142 $1 16. Rd3 c5 17. g4 {Kotronias "the
Grandmaster battle manual"})) 10... Kc8 {93} (10... Ke8 11. h3) 11. Ng5 {
[%csl Rf7]} (11. h3 b6 12. g4 Ne7 13. Ng5 f5 14. e6 {Navara,D (2708)-Hammer,J 
(2647) Tata Steel-B 73rd 2011 (4) 1/2} (14. Nf7 $5 Rg8 15. Re1 {Cabrilo inf 111
})) 11... Be8 12. Nge4 {94} (12. b3 b6 13. Bb2 Be7 14. Nge4 Kb7 15. Rd3 Rd8 16.
Rad1 ({RR} 16. Rxd8 Bxd8 17. Rd1 Kc8 18. g4 Nh4 19. f4 h5 20. h3 hxg4 21. hxg4
Bd7 22. Nf2 f5 23. g5 Ng6 24. Ne2 Nf8 25. Kg2 Ne6 26. Kg3 c5 27. c4 Bc6 28. Nc3
a5 29. Nd5 Be8 30. a4 c6 {Bologan,V (2684)-Hammer,J (2636)/Peristeri 2010/0-1 
(44)}) 16... Rxd3 17. Rxd3 h5 18. Bc1) 12... b6 {80 Fin de la préparation des
Noirs} ({RR} 12... h6 13. b3 b6 14. Bb2 Kb7 15. Rd3 a5 16. a4 Ne7 17. Ne2 c5
18. Nf4 Bc6 19. Ng3 Ng6 20. Nfh5 Re8 21. f4 Nh4 22. Rd2 c4 23. bxc4 Bb4 24. Re2
Rhg8 25. Bd4 Bxg2 26. Rxg2 Nf3+ 27. Kh1 {Shukh,N (2438)-Chuprov,D (2520)/
Taganrog 2011/0-1 (52)}) 13. f3 $146 {[%cal Gg1f2] 94 Une préparation maison} (
13. h3 Kb7 14. g4 Ne7 15. Bf4 (15. f4 c5 16. f5 Nc6 17. Bf4 Nd4 18. Rac1 h5)
15... h5 16. f3 c5 17. Kf2 Nc6 18. Nd5 Nd4 19. c3 Ne6 20. Bg3 ({RR} 20. Be3
hxg4 21. hxg4 Rh2+) 20... Bc6 21. Rd2 (21. f4 Rd8 22. c4) 21... hxg4 22. hxg4
c4 23. Kg2 Rd8 24. Rad1 Ba4 25. Re1 Bc6 26. Red1 Ba4 27. Re1 Bc6 {1/2-1/2
Kasparov,G (2827)-Kramnik,V (2797)/Zuerich 2001/[Wedberg]}) (13. b3 c5 14. Bb2
Nd4 15. Rd2 (15. Nd5 Nxc2 16. Rac1 Nb4 17. Nxb4 cxb4 18. Nd6+ Bxd6 19. exd6 c5
20. Re1 (20. Bxg7 Rg8 $132 {[%csl Rg2][%cal Ge8c6]})) 15... Kb7 16. Nd5 Rd8 17.
c4 Bc6 18. Bxd4 cxd4 19. Rxd4 Ba3 {RR} 20. Rd2 Rhe8 21. Re1 f6 22. exf6 Bb4 23.
f7 Rxe4 24. Rxe4 Bxd2 25. Re7 Bxd5 26. Re8 Bxf7 27. Rxd8 Bc3 28. Rd3 Bf6 29. f4
Bg6 30. Rd1 h5 31. Kf2 Bc2 32. Rd2 Bb1 33. Kf3 a5 34. g3 Bc3 {Leko,P (2743)
-Kramnik,V (2770)/Budapest 2001/0-1 (56)}) 13... c5 {[%csl Rd5][%cal Gf5d4] 78}
(13... Kb7 14. Kf2 c5 15. Nd5 Rd8 $6 16. Bg5 $36 {Hou,Y (2605)-Stefanova,A 
(2493) EU-Cup (Women) 17th 2012 (2.4) 1-0}) 14. Nd5 {[%cal Gc2c3] 93} Kb7 {76}
(14... c6 15. Ne3 $14) 15. Kf2 {81 Probablement la fin de la préparation des
Blancs même si c'est la suite logique de la poussée f3} h6 {81} (15... Bc6 $5 {
[%cal Ga8d8] Le P"f7" n'est peut-être pas prenable et l'option d'activer le B
est intéressante.} 16. Ng5 (16. Bg5 h6) (16. g4 Nd4 $132 {[%csl Gd4]}) (16. c4
Nd4 {[%csl Gd4]}) 16... c4 {[%cal Gf8c5]} 17. Nxf7 Bc5+) 16. g4 {45 Joué après
une longue réflexion} (16. a4 $5 {[%cal Ga4a5,Ga5a6]}) 16... Ne7 {62} 17. c4 h5
18. h3 hxg4 19. hxg4 f5 20. exf6 {29} Nxd5 {45} 21. cxd5 Bg6 22. Bf4 $1 $32 {
[%csl Rc7,Gd5,Gh2] 22} Bxe4 {Egalité au temps} 23. fxe4 gxf6 24. Rh1 $1 c4 (
24... Bd6 25. Bxd6 cxd6 {[%csl Re4]}) 25. Rxh8 Bc5+ 26. Kg3 Rxh8 27. Rc1 b5 28.
b3 Ba3 $6 {Quelques coups plus tard le Ba3 sera mal placé} (28... a5 $142 29.
bxc4 b4 $44 {[%csl Gc5] Le sacrifice du P se fait dans des meilleures
conditions que dans la partie}) 29. Rc2 {Les Blancs ont une bonne finale} a5
30. bxc4 {12} b4 {[%csl Ra3] 10} 31. Be3 (31. g5 {[%csl Ge4][%cal Ge4e8]} Rg8)
31... Rh1 32. c5 {[%csl Gc5,Gd5]} a4 {[%csl Gc5,Gd5]} 33. c6+ $1 {[%csl Ra3,
Rb7,Gc6,Rc7][%cal Gd5d6] Les Noirs ont maintenant 02 pièces mal placées} Kc8 {
Malgré le matériel réduit, le K Noir est en danger.} (33... Ka6 {[%csl Ra6,Ge3]
} 34. e5 $1 {[%cal Gd5d6,Gc6c7] Kc8 joué dans la partie a pour but de parer
cette menace e4e5}) 34. Rc5 $1 $40 {[%csl Ra4,Rc8][%cal Gc5b5,Gc5a5] Un fort
coup multifonction:  la R gagne un tempo décisif en menaçant d'un Mat du
couloir pour placer la R derrière le P passé et la position Noire est déjà
critique. C'est une nouvelle illustration du fait que la présence de B de
couleurs opposées favorise l'attaque tant que les R ne sont pas échangées.} b3
35. Ra5 {[%csl Gc6][%cal Ga5a8]} Bd6+ 36. Kg2 Rh2+ 37. Kf3 Rh3+ (37... Rxa2 38.
Ra8#) 38. Ke2 Kd8 39. axb3 axb3 40. Rb5 Rh2+ 41. Kd3 b2 (41... Rg2 42. g5 fxg5
43. Rxb3 Ke7 44. Rb8 {[%cal Gb8d8,Gd8d7]}) 42. g5 $1 Ke7 43. gxf6+ Kxf6 44.
Bd4+ Be5 45. d6 $1 {[%csl Gc6] Une belle technique!} cxd6 46. Bxe5+ dxe5 47.
Rxb2 $1 (47. c7 $2 Rh8 $11 {[%cal Gf6e6,Ge6d7]}) 47... Rxb2 48. c7 Rb3+ 49. Kc2
Rb4 50. c8=Q Rxe4 51. Kd3 $1 {Les espoirs Noirs de construire une forteresse
seront vains car le Pe5 est mal placé. En effet, la finale serait
théoriquement nulle si le P était resté sur sa case d'origine e7 comme l'avait
démontré Philidor} Rd4+ 52. Ke3 Rf4 53. Qc6+ {C'est la grande différence avec
un Pe7 qui aurait permi aux Noirs de ramener le K en 08ème rangée pour annuler.
Dans cette position, le K Noir est contraint de monter en 05ème rangée et les
Blancs ont réalisé la première partie du plan de gain; La seconde plus
difficile sera de gagner un tempo permettant au K Blanc de traverser la 4ème
rangée pour se placer derrière le P noir.} Kf5 54. Qd5 Kf6 55. Qd6+ Kf5 56. Qe7
Re4+ 57. Kf3 Rf4+ 58. Kg3 Rg4+ 59. Kh3 Rd4 {La R n'a que deux cases f4 et d4
disponibles sous peine d'être perdue} 60. Qf7+ Kg5 61. Qe6 Rd3+ {La R va
manquer de protection} (61... Kf4 62. Qg4+ Ke3 63. Qf5 Re4 64. Kg3 Kd4 {
[%cal Ge4f4]} 65. Qd7+ Kc5 (65... Ke3 66. Qd5 {[%csl Re4,Re5]}) 66. Qe6 Kd4 67.
Qd6+) 62. Kg2 Kf4 63. Kf2 Rd2+ 64. Ke1 Rd3 65. Ke2 Re3+ 66. Kd2 Rg3 67. Qf6+
Ke4 68. Qh4+ {Illustrant le problème de la R non protégée} Kf3 69. Kd3 $1 {
Après le passage du K Blanc, la position noire va s'effondrer} Kf2+ 70. Ke4 {
C'est fini} Kg2 71. Kxe5 Ra3 72. Qg4+ Kf2 73. Qd4+ Kf3 74. Qd1+ Kg3 75. Ke4 Kh2
76. Qd2+ Kh3 77. Kf4 Ra4+ 78. Kf3 Ra3+ 79. Kf2 1-0

[Event "Foros Aerosvit"]
[Site "Foros"]
[Date "2007.06.28"]
[Round "10"]
[White "Dominguez Perez, Leinier"]
[Black "Eljanov, Pavel"]
[Result "1/2-1/2"]
[WhiteElo "2678"]
[BlackElo "2686"]
[Annotator "Marin,M"]
[PlyCount "122"]
[EventDate "2007.06.18"]
[EventType "tourn"]
[EventRounds "11"]
[EventCountry "UKR"]
[EventCategory "18"]
[SourceTitle "CBM 119"]
[Source "ChessBase"]
[SourceDate "2007.08.01"]
[SourceVersion "1"]
[SourceVersionDate "2007.08.01"]
[SourceQuality "1"]

1. e4 e5 2. Nf3 Nc6 3. Bb5 Nf6 4. O-O Nxe4 5. d4 Nd6 6. Bxc6 dxc6 7. dxe5 Nf5
8. Qxd8+ Kxd8 9. Nc3 Bd7 10. h3 h6 11. b3 Kc8 12. Bb2 b6 13. Rad1 Ne7 14. Nd4 {
This move, designed by Shirov, has caused Black a lot of trouble lately.} a5
$146 {An interesting (but possibly unsound) attempt to activate the a8-rook
without moving it.} ({The initial game went} 14... Ng6 $6 {Shirov,A (2706)
-Rizouk,A (2464)/Moscow 2001/CBM 086/[Wedberg] (1-0, 28)}) ({Shirov was again
successfull with his line last year:} 14... Nf5 15. Nde2 {Since the f5-knight
is not too stable it makes little sense exchanging it.} (15. Nce2 Nxd4 16. Nxd4
c5 17. Ne2 h5 18. Nf4 Bf5 19. Rd2 Kb7 20. Rfd1 h4 $132 {Bartel,M (2417)
-Grabarczyk,M (2484)/Warsaw 2002/CBM 089 (0-1, 33)}) 15... Be7 16. Ne4 Rd8 17.
g4 Nh4 18. f4 c5 19. c4 Kb7 20. N2c3 Bc6 21. Nd5 Bf8 22. f5 $16 {Shirov,A 
(2709)-Stefansson,H (2585)/Dresden 2006/CBM 110 ext (1-0, 35)}) (14... Kb7 $6
15. e6 Be8 16. Rfe1 Rd8 17. exf7 Bxf7 18. Ne6 Rxd1 19. Nxd1 Bxe6 20. Rxe6 $14 {
is the typical better ending White is aiming for, De Vreugt,D (2477)-Pedersen,
N (2458)/Amsterdam 2002/CBM 089 ext (1-0, 39)}) (14... c5 $5 {may be an
interesting try, freeing Black from any worries regarding the pawn break e6.
On the other hand, the d5- and b5-squares become available to the enemy
knights.} 15. Nde2 a5 16. a4 Nc6 17. Nb5 (17. Nd5 $5) 17... Bf5 18. Rd2 h5 19.
Nf4 Kb7 20. Nd5 Rc8 21. f4 h4 22. Ne3 Rh5 $11 {Black has safely blocked the
position. Tischbierek,R (2519)-Pinter,J (2518)/Austria 2003/CBM 097 ext (1/2-1/
2, 28)}) 15. e6 {This seems to work out well.} ({However,} 15. Rfe1 {deserves
serious attention, too, maintaining e6 in reserve.}) 15... fxe6 16. Rfe1 Nd5
17. Nxe6 Bb4 ({A more logical way to make use of the presence of the pawn on
a5 was} 17... Nxc3 18. Bxc3 Bb4 {but it does not seem to work properly:} 19.
Bxb4 (19. Bxg7 Re8 20. c3 Rxe6 21. Rxe6 Bxe6 22. cxb4 axb4 23. Rd2 h5 $13 {
The structure is highly asymmetrical and the final outcome of the battle
unpredictable.}) 19... axb4 20. Nxg7 Rxa2 {If White defends his c2-pawn, the
position would be unclear, but after the more resolute} 21. Re7 Rd8 22. f4 $16
{the f-pawn is very dangerous.}) 18. Nxd5 $1 {It appears that the pin can be
ignored..} cxd5 (18... Bxe1 $2 19. Ne7+ Kb7 20. Rxd7 $18) 19. Re3 Re8 20. Nf4
$1 (20. Nxg7 $6 {would be less clear because of} Rxe3 21. fxe3 a4 $44 {, when
the knight would be somewhat out of play and the queenside - rather weak.})
20... Rxe3 21. fxe3 Bc5 22. Kf2 g6 23. Nxd5 Bc6 (23... a4 {is not working now
because of} 24. b4 $1) 24. a4 Kb7 25. c4 $16 {White has a sound extra pawn,
but the technical process is not simple. Thus, Shirov's challenge remains open.
} Re8 26. Bd4 Bd6 27. Ke2 Re6 28. Rf1 Be8 29. Nf6 Bc6 30. Nd5 Be8 31. Rf6 Rxf6
32. Nxf6 Bf7 33. Kd3 c6 34. e4 Be7 35. Nd7 Kc7 36. Nxb6 g5 37. Kc2 Bg6 38. Kd3
Bf7 39. c5 Bxb3 40. Be5+ Kb7 41. Nc4 Bd8 42. Bd6 Kc8 43. Nb6+ Bxb6 44. cxb6 Kb7
45. Bc5 Bxa4 46. Kc3 Bd1 47. e5 g4 48. e6 gxh3 49. gxh3 Be2 50. Kd4 Bf3 51. h4
Be2 52. Ke5 a4 53. Kf6 a3 54. Kg6 a2 55. Bd4 c5 56. Bc3 Kxb6 57. e7 Bb5 58.
Kxh6 Be8 59. Kg5 Kc6 60. h5 Bxh5 61. Kxh5 Kd7 1/2-1/2